Распознавание оттенков кожи; Технологии Microsoft в теории и практике программирования

Библиографические подробности
Источник:Технологии Microsoft в теории и практике программирования.— 2013.— [С. 183-185]
Главный автор: Попов А. В.
Примечания:Заглавие с титульного листа.
A program for skin detecting in the video stream was developed. It was designed for optimization face detection algorithm. It is established that there is a need for more rapid and less sensitive face detection algorithm in the video. It was concluded that further research and development will be focused on the usage and comparison alternative ways of face detection.
Язык:русский
Опубликовано: 2013
Серии:Интеллектуальные системы и технологии
Предметы:
Online-ссылка:http://www.lib.tpu.ru/fulltext/c/2013/C28/071.pdf
Формат: MixedMaterials Электронный ресурс Статья
Запись в KOHA:https://koha.lib.tpu.ru/cgi-bin/koha/opac-detail.pl?biblionumber=603229

MARC

LEADER 00000naa2a2200000 4500
001 603229
005 20260226150114.0
035 |a (RuTPU)RU\TPU\conf\378 
035 |a RU\TPU\conf\374 
090 |a 603229 
100 |a 20131221d2013 k y0rusy50 ca 
101 0 |a rus 
102 |a RU 
135 |a drcn ---uucaa 
181 0 |a i  
182 0 |a b 
200 1 |a Распознавание оттенков кожи  |f А. В. Попов 
203 |a Текст  |c электронный 
225 1 |a Интеллектуальные системы и технологии 
300 |a Заглавие с титульного листа. 
320 |a [Библиогр.: с. 185 (4 назв.)] 
330 |a A program for skin detecting in the video stream was developed. It was designed for optimization face detection algorithm. It is established that there is a need for more rapid and less sensitive face detection algorithm in the video. It was concluded that further research and development will be focused on the usage and comparison alternative ways of face detection. 
337 |a Adobe Reader 
463 1 |0 (RuTPU)RU\TPU\conf\40  |t Технологии Microsoft в теории и практике программирования  |o сборник трудов X Всероссийской научно-практической конференции студентов, аспирантов и молодых ученых, г.Томск, 19-20 марта 2013 г.  |f Национальный исследовательский Томский политехнический университет (ТПУ), Институт кибернетики ; ред. кол. А. В. Лиепиньш и др.  |v [С. 183-185]  |d 2013 
610 1 |a электронный ресурс 
610 1 |a труды учёных ТПУ 
610 1 |a распознавание оттенков 
610 1 |a кожа 
610 1 |a контуры 
610 1 |a изображения 
610 1 |a распознавание лиц 
700 1 |a Попов  |b А. В. 
801 2 |a RU  |b 63413507  |c 20230518  |g RCR 
856 4 |u http://www.lib.tpu.ru/fulltext/c/2013/C28/071.pdf 
942 |c BK